[Event "IM Marmaris Karia VII 2019"]
[Site "Marmaris"]
[Date "2019.05.25"]
[Round "4.5"]
[White "Morozov, Nichita"]
[Black "Ozkan, Taha"]
[Result "1-0"]
[WhiteElo "2371"]
[BlackElo "1977"]
[Annotator "NA"]
[PlyCount "83"]
[EventDate "2019.05.25"]
[EventType "schev"]
[EventCountry "TUR"]
[SourceTitle "playchess.com"]
[Source "ChessBase"]
[SourceQuality "1"]
[TimeControl "5400+30"]

1. Nf3 {[%emt 0:07:30]} d5 {[%emt 0:00:30]} 2. c4 {[%emt 0:00:30]} c6 {[%emt 0:00:00]} 3. e3 {[%emt 0:00:30]} e6 {[%emt 0:00:00]} 4. b3 {[%emt 0:01:30]} Bd6 {[%emt 0:01:30]} 5. Bb2 {[%emt 0:00:30]} Nf6 {[%emt 0:00:30]} 6. d4 {[%emt 0:07:30]} Ne4 {[%emt 0:01:30]} 7. Bd3 {[%emt 0:04:30]} f5 {[%emt 0:02:30]} 8. O-O {[%emt 0:03:30]} O-O {[%emt 0:00:30]} 9. Ne5 {[%emt 0:00:30]} Bd7 {[%emt 0:03:30]} 10. f3 {[%emt 0:01:30]} Nf6 {[%emt 0:01:30]} 11. Nc3 {[%emt 0:07:30]} Be8 {[%emt 0:08:30]} 12. Kh1 {[%emt 0:06:30]} Nbd7 {[%emt 0:01:30]} 13. Nxd7 {[%emt 0:00:30]} Qxd7 {[%emt 0:03:30]} 14. Qe1 {[%emt 0:03:30]} Bf7 {[%emt 0:07:30]} 15. e4 {[%emt 0:00:30]} Bc7 {[%emt 0:00:30]} 16. cxd5 {[%emt 0:07:30]} cxd5 {[%emt 0:09:30]} 17. e5 {[%emt 0:00:30]} Nh5 {[%emt 0:00:30]} 18. Ne2 {[%emt 0:00:00]} g5 {[%emt 0:04:30]} 19. g4 {[%emt 0:03:00]} Ng7 {[%emt 0:04:30]} 20. Ba3 {[%emt 0:04:30]} Rfc8 {[%emt 0:02:30]} 21. f4 {[%emt 0:01:30]} h6 {[%emt 0:08:30]} 22. fxg5 {[%emt 0:01:30]} hxg5 {[%emt 0:00:30]} 23. h4 {[%emt 0:00:30]} Bg6 {[%emt 0:10:30]} 24. h5 {[%emt 0:04:30]} Bh7 {[%emt 0:04:30]} 25. h6 {[%emt 0:00:30]} Ne8 {[%emt 0:00:30]} 26. gxf5 {[%emt 0:00:30]} exf5 {[%emt 0:04:15]} 27. Ng3 {[%emt 0:00:00]} f4 {[%emt 0:01:43]} 28. e6 {[%emt 0:00:00]} Qd8 {[%emt 0:00:26]} 29. Bxh7+ {[%emt 0:01:30]} Kxh7 {[%emt 0:00:42]} 30. Qb1+ {[%emt 0:00:00]} Kxh6 {[%emt 0:04:16]} 31. Nf5+ {[%emt 0:00:00]} Kh5 {[%emt 0:01:11]} 32. Ne7 {[%emt 0:00:30]} Nf6 {[%emt 0:07:09]} 33. Qg6+ {[%emt 0:00:30]} Kh4 {[%emt 0:00:30]} 34. Nf5+ {[%emt 0:00:30]} Kg4 {[%emt 0:00:30]} 35. Rg1+ {[%emt 0:00:30]} Kf3 {[%emt 0:00:30]} 36. Raf1+ {[%emt 0:00:30]} Ke2 {[%emt 0:00:30]} 37. Ng3+ {[%emt 0:00:30]} fxg3 {[%emt 0:00:30]} 38. Rg2+ {[%emt 0:00:30]} Ke3 {[%emt 0:00:30]} 39. Qxg5+ {[%emt 0:00:30]} Kxd4 {[%emt 0:06:41]} 40. Rd2+ {[%emt 0:01:30]} Ke4 {[%emt 0:00:06]} 41. Qf5+ {[%emt 0:00:00]} Ke3 {[%emt 0:00:12]} 42. Qd3# {[%emt 0:00:00]} 1-0

[Event "IM Marmaris Karia VII 2019"]
[Site "Marmaris"]
[Date "2019.05.25"]
[Round "5.1"]
[White "Eminov, Orkhan"]
[Black "Darban, Morteza"]
[Result "1/2-1/2"]
[WhiteElo "2353"]
[BlackElo "2285"]
[Annotator "TA"]
[PlyCount "107"]
[EventDate "2019.05.25"]
[EventType "schev"]
[EventCountry "TUR"]
[SourceTitle "playchess.com"]
[Source "ChessBase"]
[SourceQuality "1"]

{[%evp 9,107,0,13,0,0,0,17,-5,5,0,16,12,23,14,28,23,41,0,0,6,2,0,0,0,0,0,0,0,26,26,26,26,26,26,25,25,29,32,59,60,50,12,12,0,0,0,0,0,0,0,0,0,0,0,0,0,0,0,0,0,0,-7,0,-23,0,-8,0,0,0,0,0,-8,-8,-21,-15,-35,-44,-38,-12,-26,0,-37,-6,-14,-7,-106,-17,-35,-31,-73,-10,-10,0,0,0,0,0,0,0,0]} 1. e4 d5 2. exd5 Nf6 3. Nc3 Nxd5 4. g3 Nxc3 5. bxc3 g6 (5... c5 6. Bg2 Nc6 7. Nf3 g6 8. O-O Bg7 9. Rb1 O-O 10. Ng5 Qc7 11. Ne4 b6 12. d3 Bb7 13. Bf4 {1-0 (43) Safarli,E (2663)-Bashirli,N (2332) Baku 2016}) 6. Bg2 {B02: Alekhine's Defence: Chase Variation and lines with early Nc3} Bg7 7. Rb1 c6 8. Ne2 Nd7 9. O-O O-O 10. d3 Qa5 11. a3 Qh5 $146 ({Predecessor:} 11... Nb6 12. c4 Bg4 13. h3 Bxe2 14. Qxe2 {1-0 (30) Lima,D (2445)-Piza Cortizo,D (2295) Seville 1990}) 12. c4 Rd8 13. Nf4 (13. Qe1 {looks sharper.} Qc5 14. Nc3 e5 15. Bb2 f5 16. Na4) 13... Qxd1 14. Rxd1 e5 15. Ne2 Nc5 16. Bg5 f6 17. Be3 Bf8 18. h3 Be6 19. Bxc5 Bxc5 20. Rxb7 Bxc4 21. Rc7 Bb5 22. Bxc6 Bxc6 23. Rxc6 {[%mdl 64] [#] Double Attack} Bxa3 24. Ra1 Bf8 25. Raa6 Rdc8 26. Rxc8 Rxc8 $11 {[%mdl 4096] Endgame KRB-KRN} 27. c3 Rd8 28. d4 exd4 29. cxd4 Rd7 $1 30. Kg2 Be7 31. Kf3 Bd8 32. Ke4 Bb6 33. f4 f5+ 34. Kd3 Kf7 35. Ra4 Ke6 36. g4 Rf7 37. Rc4 Rc7 38. Rb4 fxg4 39. hxg4 h5 40. gxh5 gxh5 41. Rb5 Rh7 $1 42. Ng3 h4 43. Ne4 Rh6 {Hoping for ...h3.} (43... Kd7 {keeps more tension.} 44. Rb2 Rh8 45. Ng5 Bc7 46. Ke4 Re8+) 44. Ng5+ Kf6 45. Rd5 Ke7 46. Re5+ Kd7 {Threatens to win with ...h3.} 47. Nh3 (47. Re3 $11) 47... Rd6 ({Black should play} 47... a5 $17 {aiming for ...a4.} 48. Kc4 a4) 48. d5 Rg6 49. Ng5 {[#]} Bc7 (49... h3 $1 $17 {[%mdl 512] White must now prevent ...h2.} 50. Nf3 (50. Nxh3 Rg3+) 50... Rh6) 50. Rf5 $1 {The position is equal.} Bxf4 {[%mdl 64] Remove Defender} 51. Rxf4 {And now Nf3 would win.} Rxg5 52. Rxh4 Rxd5+ 53. Rd4 Rxd4+ 54. Kxd4 {Accuracy: White = 42%, Black = 48%.} 1/2-1/2

[Event "IM Marmaris Karia VII 2019"]
[Site "Marmaris"]
[Date "2019.05.25"]
[Round "5.2"]
[White "Tanriverdi, Enes"]
[Black "Mgeladze, Tamaz"]
[Result "0-1"]
[WhiteElo "2348"]
[BlackElo "2396"]
[Annotator "TA"]
[PlyCount "78"]
[EventDate "2019.05.25"]
[EventType "schev"]
[EventCountry "TUR"]
[SourceTitle "playchess.com"]
[Source "ChessBase"]
[SourceQuality "1"]

{[%evp 24,78,26,0,0,0,0,0,0,-46,-55,-77,-29,-20,-25,-27,-13,-45,0,-54,-35,-41,-35,-51,-40,-37,-46,-33,-21,-33,-12,-52,-58,-52,-53,-56,-56,-62,-71,-51,-56,-84,-83,-97,-71,-84,-79,-84,-77,-77,-77,-89,-79,-85,-87,-29987,-29988]} 1. d4 Nf6 2. c4 g6 3. Nc3 Bg7 4. e4 d6 5. Nf3 O-O 6. Be2 e5 7. d5 a5 8. Bg5 h6 9. Bh4 Na6 10. Nd2 Nc5 11. O-O Bd7 12. b3 Qe8 13. a3 Nfxe4 {E92: King's Indian: Classical: 6 Be2 e5: 7 dxe5, 7 Be3 and Petrosian System without 7...Nbd7} (13... Nh7 14. b4 axb4 15. axb4 Rxa1 16. Qxa1 Na6 17. Rb1 f5 18. f3 h5 19. c5 Bh6 20. Bxa6 Bxd2 21. Bxb7 g5 {0-1 (50) Savchenko,B (2567)-Adhiban,B (2674) Berlin 2015}) 14. Ndxe4 Nxe4 15. Nxe4 f5 $1 {The position is equal.} 16. Bd3 fxe4 17. Be2 $146 ({Predecessor:} 17. Bc2 Bf5 18. Qe2 g5 19. Bg3 Qg6 20. Rae1 h5 21. h3 {1-0 (40) Cvek,R (2290)-Voller,J (2250) Czechia 1996}) 17... Bf6 18. Bxf6 Rxf6 19. Qd2 g5 20. Rae1 Qg6 21. Bd1 ({White should play} 21. c5 $11) 21... b6 22. Bc2 Bf5 23. Qe3 Raf8 24. b4 axb4 25. axb4 Kg7 26. Ra1 Qe8 27. Bxe4 Bxe4 28. Qxe4 Rf4 29. Qe2 Qg6 30. Rac1 Qe4 31. Qa2 Qd4 32. g3 Rf3 33. c5 Qxb4 34. cxd6 cxd6 35. Rc6 R8f7 36. Qc2 R3f6 37. Rc4 Qa3 38. Rc8 Qa5 39. Qc6 $2 {[%mdl 8192] [#]} (39. h4 $17) 39... Rxf2 $1 {[%mdl 512] Accuracy: White = 36%, Black = 61%.} 0-1

[Event "IM Marmaris Karia VII 2019"]
[Site "Marmaris"]
[Date "2019.05.25"]
[Round "5.3"]
[White "Alaz, Ahmet Efekan"]
[Black "Sibashvili, Giorgi"]
[Result "1/2-1/2"]
[WhiteElo "2252"]
[BlackElo "2381"]
[Annotator "TA"]
[PlyCount "60"]
[EventDate "2019.05.25"]
[EventType "schev"]
[EventCountry "TUR"]
[SourceTitle "playchess.com"]
[Source "ChessBase"]
[SourceQuality "1"]

{[%evp 21,60,89,132,87,98,104,82,31,25,0,0,0,0,0,0,0,0,0,0,0,0,0,0,0,0,0,0,0,0,0,0,0,0,0,0,0,0,0,0,0,0]} 1. e4 e6 2. d4 d5 3. Nc3 Bb4 4. e5 c5 5. a3 Ba5 6. b4 cxd4 7. Qg4 Ne7 8. bxa5 dxc3 9. Qxg7 Rg8 10. Qxh7 Nbc6 11. Nf3 Qxa5 12. h4 {C18: French: 3 Nc3 Bb4: Main line: 7 h4 and 7 Qg4} (12. Ng5 Nxe5 13. f4 f6 14. fxe5 fxg5 15. Qh5+ Kd8 16. Bxg5 Qc7 17. Kd1 Qc5 18. Bd3 Kc7 19. Qh4 Nc6 {1-0 (38) Vuckovic,B (2588)-Strbac,M (2320) Valjevo 2018}) 12... Qa4 $146 ({Predecessor:} 12... Bd7 13. Ng5 Rf8 14. Be2 Nxe5 15. Qg7 d4 16. f4 d3 17. Ne4 d2+ 18. Nxd2 N5g6 19. Nc4 Qc7 20. Qxc3 {½-½ (54) Hrdy,R (2260)-Pytlik,L (2403) ICCF email 2006}) 13. h5 {And now h6 would win.} Nd4 {[#]} 14. Nxd4 ({White should try} 14. Bd3 $1 $16 {aiming for h6.} Bd7 15. Rb1 Nxf3+ 16. gxf3) 14... Qxd4 $14 15. f4 Rg3 {The position is equal.} 16. Rb1 a5 17. h6 b6 18. Rh3 $1 {[%cal Rh3g3]} Rxh3 19. gxh3 Ba6 20. Bxa6 Rxa6 21. Ke2 {Be3 is the strong threat.} Nf5 22. Qg8+ Ke7 {Hoping for ...Qe4+.} 23. Qb8 Qe4+ {[%mdl 64] [#] Double Attack} 24. Kf1 Qf3+ 25. Ke1 Qg3+ 26. Kd1 Qf3+ 27. Ke1 Qg3+ 28. Kd1 Qf3+ 29. Ke1 Qg3+ 30. Kd1 Qf3+ {Accuracy: White = 82%, Black = 85%.} 1/2-1/2

[Event "IM Marmaris Karia VII 2019"]
[Site "Marmaris"]
[Date "2019.05.25"]
[Round "5.4"]
[White "Kilic, Efe Mert"]
[Black "Morozov, Nichita"]
[Result "0-1"]
[WhiteElo "2248"]
[BlackElo "2371"]
[Annotator "TA"]
[PlyCount "80"]
[EventDate "2019.05.25"]
[EventType "schev"]
[EventCountry "TUR"]
[SourceTitle "playchess.com"]
[Source "ChessBase"]
[SourceQuality "1"]

{[%evp 21,80,0,9,-3,0,0,0,0,0,-9,0,0,0,0,0,-45,-43,-43,-56,-97,-85,-189,-195,-246,-246,-285,-166,-173,-171,-157,-152,-155,-141,-355,-215,-381,-351,-348,-340,-591,-585,-570,-582,-579,-574,-604,-593,-595,-573,-717,-717,-707,-697,-870,-645,-800,-799,-793,-790,-1108,-1099]} 1. e4 c6 2. d4 d5 3. Nc3 dxe4 4. Nxe4 Bf5 5. Ng3 Bg6 6. N1e2 Nf6 7. Nf4 e5 8. Nxg6 hxg6 9. dxe5 Qa5+ 10. Bd2 Qxe5+ 11. Qe2 Nbd7 12. Bc3 {B18: Classical Caro-Kann: 4...Bf5 sidelines} (12. Qxe5+ {feels hotter.} Nxe5 13. Be2 O-O-O 14. Rd1 Bc5 15. O-O) 12... Qxe2+ 13. Bxe2 Nd5 14. Bd2 {The position is equal.} O-O-O 15. O-O $146 ({Predecessor:} 15. O-O-O N7f6 16. h3 Bd6 17. Bf3 Bf4 18. Rhe1 Bxd2+ 19. Rxd2 {½-½ (59) Santarius,E (2343)-Hernandez Carmenates,H (2548) Santa Clara 2014}) 15... f5 16. Rad1 Be7 17. Bf3 N5b6 18. Bc3 Bf6 19. Bxf6 gxf6 20. Ne2 Ne5 21. Nd4 (21. b3 $17) 21... Na4 $19 22. c3 (22. Ne6 $142 Rde8 23. Rd6) 22... Nxb2 23. Rb1 Nbc4 (23... Na4 $142 24. Rfc1 {[#]} Nxc3 $1 {[%mdl 512]} 25. Nxc6 Nxf3+ 26. gxf3 Ne2+ 27. Kf1 Nxc1 28. Nxd8 Kxd8 29. Rxc1 Rxh2) 24. Rfd1 Rhe8 25. Be2 Nb6 26. h4 Nd5 27. Rb3 $2 (27. Rbc1 $17) 27... c5 28. Nb5 $2 (28. Nf3) 28... a6 29. c4 Nf4 ({Weaker is} 29... axb5 30. cxd5 b4 31. h5 $17) 30. Nd6+ $2 {[#]} (30. Rxd8+ Rxd8 31. Nc3) 30... Rxd6 $1 {[%mdl 512] Black is clearly winning.} 31. Rxd6 Nxe2+ 32. Kf1 {If White can now play Re3 this consolidates a bit.} Nxc4 33. Rd5 b6 {[%cal Bb7b6,Bb6b5,Bb5b4][%mdl 32]} 34. Rd1 f4 35. h5 gxh5 36. Rh3 Kc7 37. Rhd3 Nd4 38. Rc3 b5 39. Rh3 Re5 40. a4 b4 {Accuracy: White = 32%, Black = 82%.} 0-1

[Event "IM Marmaris Karia VII 2019"]
[Site "Marmaris"]
[Date "2019.05.25"]
[Round "5.5"]
[White "Ozkan, Taha"]
[Black "Papenin, Nikolai"]
[Result "0-1"]
[WhiteElo "1977"]
[BlackElo "2336"]
[Annotator "TA"]
[PlyCount "48"]
[EventDate "2019.05.25"]
[EventType "schev"]
[EventCountry "TUR"]
[SourceTitle "playchess.com"]
[Source "ChessBase"]
[SourceQuality "1"]

{[%evp 14,48,22,13,26,0,38,37,47,-35,0,0,0,0,50,0,18,35,43,0,0,0,122,0,0,0,0,0,0,0,0,-29990,-29991,-29991,-29992,-29992,-29993]} 1. d4 Nf6 2. Nf3 g6 3. Nc3 d5 4. Bf4 Bg7 5. e3 O-O 6. Be2 Bg4 7. Ne5 Bxe2 8. Qxe2 Nbd7 {D00: 1 d4 d5: Unusual lines} (8... c6 9. O-O-O Nh5 10. h4 Nd7 11. g4 Nxf4 12. exf4 Nxe5 13. fxe5 f6 14. exf6 Rxf6 15. g5 Rf7 16. h5 Qd6 17. hxg6 hxg6 {0-1 (35) Rogers,I (2593)-Ye,J (2649) Mallorca 2004}) 9. h4 h5 10. f3 $146 ({Predecessor:} 10. O-O-O c6 11. f3 Qc8 12. g4 b5 13. Bg5 b4 14. Na4 hxg4 15. Nxd7 Qxd7 16. Bxf6 gxf3 17. Qxf3 exf6 18. h5 f5 {1-0 (26) Buksa,N (2385)-Atalik,E (2451) Riadh 2017}) 10... c5 {White is slightly better.} 11. g4 (11. O-O-O $14) 11... cxd4 12. exd4 Rc8 13. O-O-O Nb6 14. Rdg1 Nc4 (14... Rxc3 $5 15. bxc3 Qd6 $14) 15. Nxc4 Rxc4 16. Be5 Qa5 $1 17. gxh5 $1 Bh6+ {[#]} (17... Rxc3 $11 18. bxc3 Rc8) 18. f4 (18. Kb1 $1 $16 {Hoping for Bxf6.} Rxc3 19. Bxf6 (19. bxc3 Qxc3 20. Qd3 Qxd3 $14)) 18... Rxc3 $1 $11 19. hxg6 {And now Bxf6 would win.} (19. bxc3 $2 Ne4 $19) 19... Rfc8 20. gxf7+ Kxf7 21. bxc3 Qxc3 22. Bxf6 $4 {[%mdl 8192]} (22. Kb1 $11 Qb4+ 23. Ka1 (23. Kc1 Qa3+ 24. Kd1 Qxa2 $17) 23... Qc3+ {[%mdl 64] Double Attack} 24. Kb1) 22... Qa1+ {[%mdl 64] Double Attack. Black mates.} 23. Kd2 Bxf4+ 24. Qe3 {[#]} Qc3+ $1 {[%mdl 576] Double Attack, Pin. Accuracy: White = 45%, Black = 44%.} 0-1

[Event "IM Marmaris Karia VII 2019"]
[Site "Marmaris"]
[Date "2019.05.25"]
[Round "6.1"]
[White "Mgeladze, Tamaz"]
[Black "Eminov, Orkhan"]
[Result "1-0"]
[WhiteElo "2396"]
[BlackElo "2353"]
[Annotator "NA"]
[PlyCount "69"]
[EventDate "2019.05.25"]
[EventType "schev"]
[EventCountry "TUR"]
[SourceTitle "playchess.com"]
[Source "ChessBase"]
[SourceQuality "1"]
[TimeControl "5400+30"]

1. c4 {[%emt 0:00:30]} e5 {[%emt 0:01:30]} 2. g3 {[%emt 0:00:30]} Nf6 {[%emt 0:00:30]} 3. Bg2 {[%emt 0:00:30]} Nc6 {[%emt 0:00:30]} 4. Nc3 {[%emt 0:01:30]} g6 {[%emt 0:00:30]} 5. Nf3 {[%emt 0:00:30]} Bg7 {[%emt 0:00:00]} 6. O-O {[%emt 0:00:00]} d6 {[%emt 0:00:00]} 7. d3 {[%emt 0:01:00]} O-O {[%emt 0:00:30]} 8. Rb1 {[%emt 0:00:00]} a5 {[%emt 0:00:30]} 9. a3 {[%emt 0:00:00]} h6 {[%emt 0:00:00]} 10. b4 {[%emt 0:00:00]} axb4 {[%emt 0:00:00]} 11. axb4 {[%emt 0:00:00]} Be6 {[%emt 0:00:00]} 12. b5 {[%emt 0:00:00]} Ne7 {[%emt 0:00:00]} 13. Bb2 {[%emt 0:01:00]} Qd7 {[%emt 0:00:30]} 14. d4 {[%emt 0:00:30]} e4 {[%emt 0:07:30]} 15. Nd2 {[%emt 0:00:30]} e3 {[%emt 0:03:30]} 16. fxe3 {[%emt 0:00:30]} Bh3 {[%emt 0:13:30]} 17. Nde4 {[%emt 0:09:30]} Nxe4 {[%emt 0:04:30]} 18. Nxe4 {[%emt 0:00:30]} d5 {[%emt 0:05:30]} 19. Bxh3 {[%emt 0:00:30]} Qxh3 {[%emt 0:00:30]} 20. cxd5 {[%emt 0:01:30]} Nxd5 {[%emt 0:00:30]} 21. Rf3 {[%emt 0:00:30]} Rfe8 {[%emt 0:06:30]} 22. Nf2 {[%emt 0:09:30]} Qd7 {[%emt 0:00:30]} 23. e4 {[%emt 0:00:30]} Nb6 {[%emt 0:02:30]} 24. Qb3 {[%emt 0:01:30]} Na4 {[%emt 0:03:30]} 25. e3 {[%emt 0:04:30]} Nxb2 {[%emt 0:01:30]} 26. Rxb2 {[%emt 0:00:30]} Ra1+ {[%emt 0:10:30]} 27. Kg2 {[%emt 0:04:30]} Rea8 {[%emt 0:03:30]} 28. Rc2 {[%emt 0:02:30]} R8a4 {[%emt 0:05:30]} 29. Qd5 {[%emt 0:02:30]} Qe7 {[%emt 0:05:30]} 30. Qxb7 {[%emt 0:02:30]} Ra7 {[%emt 0:00:30]} 31. Qd5 {[%emt 0:00:30]} R7a5 {[%emt 0:02:30]} 32. Qc5 {[%emt 0:03:30]} Qd7 {[%emt 0:00:30]} 33. Qxc7 {[%emt 0:00:30]} Qxb5 {[%emt 0:00:30]} 34. Qxf7+ {[%emt 0:01:30]} Kh7 {[%emt 0:00:00]} 35. Ng4 {[%emt 0:00:30]} 1-0

[Event "IM Marmaris Karia VII 2019"]
[Site "Marmaris"]
[Date "2019.05.25"]
[Round "6.2"]
[White "Sibashvili, Giorgi"]
[Black "Tanriverdi, Enes"]
[Result "0-1"]
[WhiteElo "2381"]
[BlackElo "2348"]
[Annotator "NA"]
[PlyCount "76"]
[EventDate "2019.05.25"]
[EventType "schev"]
[EventCountry "TUR"]
[SourceTitle "playchess.com"]
[Source "ChessBase"]
[SourceQuality "1"]
[TimeControl "5400+30"]

1. d4 {[%emt 0:00:30]} d5 {[%emt 0:01:30]} 2. c4 {[%emt 0:00:30]} c6 {[%emt 0:00:00]} 3. Nc3 {[%emt 0:01:30]} dxc4 {[%emt 0:00:00]} 4. e3 {[%emt 0:02:30]} b5 {[%emt 0:00:00]} 5. a4 {[%emt 0:00:30]} b4 {[%emt 0:00:00]} 6. Na2 {[%emt 0:04:30]} e6 {[%emt 0:00:30]} 7. Bxc4 {[%emt 0:00:30]} Nf6 {[%emt 0:00:30]} 8. Nf3 {[%emt 0:02:30]} Be7 {[%emt 0:01:30]} 9. O-O {[%emt 0:01:30]} O-O {[%emt 0:00:30]} 10. b3 {[%emt 0:03:30]} a5 {[%emt 0:01:30]} 11. Bb2 {[%emt 0:02:30]} Bb7 {[%emt 0:00:00]} 12. Nc1 {[%emt 0:01:30]} Nbd7 {[%emt 0:03:00]} 13. Nd3 {[%emt 0:03:30]} c5 {[%emt 0:00:30]} 14. Rc1 {[%emt 0:05:30]} Rc8 {[%emt 0:13:30]} 15. Qe2 {[%emt 0:03:30]} Ne4 {[%emt 0:20:30]} 16. Rfd1 {[%emt 0:02:30]} Qb6 {[%emt 0:03:30]} 17. dxc5 {[%emt 0:03:30]} Ndxc5 {[%emt 0:00:30]} 18. Nde5 {[%emt 0:00:30]} Bf6 {[%emt 0:01:30]} 19. Nd7 {[%emt 0:01:30]} Nxd7 {[%emt 0:00:30]} 20. Rxd7 {[%emt 0:00:30]} Bd5 {[%emt 0:08:30]} 21. Bxd5 {[%emt 0:05:30]} Rxc1+ {[%emt 0:00:00]} 22. Bxc1 {[%emt 0:00:30]} Nc5 {[%emt 0:08:00]} 23. Bxe6 {[%emt 0:04:30]} Qxe6 {[%emt 0:01:30]} 24. Rd1 {[%emt 0:00:30]} Qxb3 {[%emt 0:00:30]} 25. Nd4 {[%emt 0:00:30]} Bxd4 {[%emt 0:00:30]} 26. exd4 {[%emt 0:00:30]} Nxa4 {[%emt 0:00:30]} 27. Re1 {[%emt 0:01:30]} Nc3 {[%emt 0:01:30]} 28. Qg4 {[%emt 0:02:30]} Qc2 {[%emt 0:00:30]} 29. Bf4 {[%emt 0:00:30]} Qg6 {[%emt 0:01:30]} 30. Qf3 {[%emt 0:02:30]} Qf5 {[%emt 0:03:30]} 31. g4 {[%emt 0:01:30]} Qd5 {[%emt 0:00:30]} 32. Qxd5 {[%emt 0:00:00]} Nxd5 {[%emt 0:00:30]} 33. Bd6 {[%emt 0:00:00]} Rc8 {[%emt 0:02:30]} 34. Re5 {[%emt 0:00:30]} b3 {[%emt 0:00:30]} 35. Ba3 {[%emt 0:00:30]} Rd8 {[%emt 0:00:30]} 36. Kf1 {[%emt 0:01:30]} f6 {[%emt 0:01:30]} 37. Re6 {[%emt 0:00:30]} Nc3 {[%emt 0:03:30]} 38. Re3 {[%emt 0:00:30]} Nb1 {[%emt 0:00:30]} 0-1

[Event "IM Marmaris Karia VII 2019"]
[Site "Marmaris"]
[Date "2019.05.25"]
[Round "6.4"]
[White "Papenin, Nikolai"]
[Black "Kilic, Efe Mert"]
[Result "1/2-1/2"]
[WhiteElo "2336"]
[BlackElo "2248"]
[Annotator "NA"]
[PlyCount "78"]
[EventDate "2019.05.25"]
[EventType "schev"]
[EventCountry "TUR"]
[SourceTitle "playchess.com"]
[Source "ChessBase"]
[SourceQuality "1"]
[TimeControl "5400+30"]

1. d4 {[%emt 0:00:30]} Nf6 {[%emt 0:02:30]} 2. c4 {[%emt 0:00:00]} e6 {[%emt 0:00:30]} 3. Nc3 {[%emt 0:00:00]} Bb4 {[%emt 0:00:30]} 4. g3 {[%emt 0:00:00]} c5 {[%emt 0:00:00]} 5. Nf3 {[%emt 0:00:00]} Ne4 {[%emt 0:00:00]} 6. Qd3 {[%emt 0:00:30]} cxd4 {[%emt 0:01:30]} 7. Nxd4 {[%emt 0:00:30]} Bxc3+ {[%emt 0:00:00]} 8. bxc3 {[%emt 0:00:00]} Nc5 {[%emt 0:00:00]} 9. Qf3 {[%emt 0:02:00]} d6 {[%emt 0:00:30]} 10. Bg2 {[%emt 0:00:00]} e5 {[%emt 0:09:30]} 11. Nb3 {[%emt 0:01:00]} Qc7 {[%emt 0:00:30]} 12. O-O {[%emt 0:00:30]} O-O {[%emt 0:00:30]} 13. Rd1 {[%emt 0:00:30]} Nba6 {[%emt 0:04:30]} 14. Ba3 {[%emt 0:04:30]} Be6 {[%emt 0:02:30]} 15. Bxc5 {[%emt 0:01:30]} Nxc5 {[%emt 0:00:30]} 16. Nxc5 {[%emt 0:00:00]} Qxc5 {[%emt 0:00:00]} 17. Qxb7 {[%emt 0:00:00]} Bxc4 {[%emt 0:02:00]} 18. Rd2 {[%emt 0:09:30]} Be6 {[%emt 0:28:30]} 19. Qxa8 {[%emt 0:03:30]} Rxa8 {[%emt 0:00:30]} 20. Bxa8 {[%emt 0:00:30]} h5 {[%emt 0:14:30]} 21. h4 {[%emt 0:06:30]} Qxc3 {[%emt 0:02:30]} 22. Rad1 {[%emt 0:00:30]} g5 {[%emt 0:04:30]} 23. hxg5 {[%emt 0:00:30]} h4 {[%emt 0:02:30]} 24. gxh4 {[%emt 0:00:30]} Qc4 {[%emt 0:02:30]} 25. Bg2 {[%emt 0:06:30]} d5 {[%emt 0:01:30]} 26. g6 {[%emt 0:05:30]} Qxh4 {[%emt 0:00:30]} 27. gxf7+ {[%emt 0:00:00]} Kxf7 {[%emt 0:00:30]} 28. Rd3 {[%emt 0:01:00]} e4 {[%emt 0:02:07]} 29. Ra3 {[%emt 0:04:30]} Qe7 {[%emt 0:00:07]} 30. Ra4 {[%emt 0:04:30]} Kf6 {[%emt 0:02:28]} 31. Rc1 {[%emt 0:02:30]} Qb7 {[%emt 0:03:16]} 32. Rc3 {[%emt 0:07:30]} Ke5 {[%emt 0:02:45]} 33. Rg3 {[%emt 0:01:30]} Qb5 {[%emt 0:05:23]} 34. Rxa7 {[%emt 0:08:30]} Qxe2 {[%emt 0:00:01]} 35. Rg5+ {[%emt 0:01:30]} Kf4 {[%emt 0:01:20]} 36. Rg3 {[%emt 0:04:30]} Qe1+ {[%emt 0:02:59]} 37. Bf1 {[%emt 0:00:30]} Qe2 {[%emt 0:00:30]} 38. Bg2 {[%emt 0:00:30]} Qd1+ {[%emt 0:00:30]} 39. Bf1 {[%emt 0:00:30]} d4 {[%emt 0:00:30]} 1/2-1/2

[Event "IM Marmaris Karia VII 2019"]
[Site "Marmaris"]
[Date "2019.05.25"]
[Round "6.5"]
[White "Darban, Morteza"]
[Black "Ozkan, Taha"]
[Result "1-0"]
[WhiteElo "2285"]
[BlackElo "1977"]
[Annotator "NA"]
[PlyCount "65"]
[EventDate "2019.05.25"]
[EventType "schev"]
[EventCountry "TUR"]
[SourceTitle "playchess.com"]
[Source "ChessBase"]
[SourceQuality "1"]
[TimeControl "5400+30"]

1. c4 {[%emt 0:10:30]} c6 {[%emt 0:00:30]} 2. e4 {[%emt 0:00:30]} d5 {[%emt 0:00:00]} 3. cxd5 {[%emt 0:00:30]} cxd5 {[%emt 0:00:00]} 4. exd5 {[%emt 0:00:00]} Nf6 {[%emt 0:00:30]} 5. Qa4+ {[%emt 0:00:00]} Bd7 {[%emt 0:01:30]} 6. Qb3 {[%emt 0:00:00]} Qc7 {[%emt 0:02:30]} 7. Nc3 {[%emt 0:00:00]} a6 {[%emt 0:01:30]} 8. d4 {[%emt 0:09:30]} Bf5 {[%emt 0:04:30]} 9. Nge2 {[%emt 0:07:30]} Nbd7 {[%emt 0:04:30]} 10. Ng3 {[%emt 0:00:00]} Bg6 {[%emt 0:00:30]} 11. f4 {[%emt 0:00:00]} Bh5 {[%emt 0:06:30]} 12. Bd3 {[%emt 0:05:30]} g5 {[%emt 0:08:30]} 13. fxg5 {[%emt 0:00:30]} Bg7 {[%emt 0:00:30]} 14. Be3 {[%emt 0:00:30]} Bg6 {[%emt 0:01:30]} 15. Be2 {[%emt 0:03:30]} Nh5 {[%emt 0:01:30]} 16. Nxh5 {[%emt 0:00:30]} Bxh5 {[%emt 0:02:30]} 17. Bd3 {[%emt 0:00:30]} Bg6 {[%emt 0:00:30]} 18. Be2 {[%emt 0:00:30]} O-O {[%emt 0:02:30]} 19. O-O {[%emt 0:00:30]} b5 {[%emt 0:02:30]} 20. Rad1 {[%emt 0:15:30]} Rad8 {[%emt 0:04:30]} 21. h4 {[%emt 0:13:30]} Qg3 {[%emt 0:07:30]} 22. Rf3 {[%emt 0:01:30]} Qd6 {[%emt 0:00:30]} 23. Rf4 {[%emt 0:07:30]} h6 {[%emt 0:08:30]} 24. gxh6 {[%emt 0:05:26]} Bxh6 {[%emt 0:01:30]} 25. Ne4 {[%emt 0:00:27]} Qb6 {[%emt 0:07:30]} 26. Rg4 {[%emt 0:00:07]} Bg7 {[%emt 0:09:30]} 27. d6 {[%emt 0:00:14]} e6 {[%emt 0:05:07]} 28. d5 {[%emt 0:02:03]} Qb7 {[%emt 0:00:54]} 29. dxe6 {[%emt 0:02:50]} Bxe4 {[%emt 0:00:46]} 30. Bd4 {[%emt 0:03:04]} f6 {[%emt 0:01:16]} 31. Qg3 {[%emt 0:01:26]} Ne5 {[%emt 0:01:58]} 32. Bxe5 {[%emt 0:00:21]} fxe5 {[%emt 0:00:08]} 33. e7 {[%emt 0:00:32]} 1-0